000 00501nam a22001817a 4500
003 NUST - PNEC
005 20170116180810.0
008 150427b xxu||||| |||| 00| 0 eng d
020 _a9695030874
040 _cLIBRARY
082 _a297.063 GHA
100 _93244
_aGhazi, Hamid Ansari
245 _aIslam ka nizam e hukumat
_cMaulana Hamid Ansari Ghazi
260 _aLahore:
_bAl Faisal:
300 _a456 p. :
_c22 cm.
650 _93245
_aIslam, History of Governess
_xGeneral
942 _2ddc
_cBK
999 _c63321
_d63321